000 00478 a2200145 4500
001 ART_7015
005 20260410161659.0
008 260409a
245 1 0 _aContabilidad del ciclo económico para la Argentina utilizando la utilización del capital
100 1 _aElosegui, Pedro
700 1 _aDe V. Cavalcanti, Tiago V.
700 1 _aMc Candless, George
700 1 _aBlanco, Emilio
773 0 _tEnsayos Económicos
_g- Nº 50 (ene./mar. 2008)
_wREV620
999 _c15037
_d15037